[Event "Benidorm Bali"]
[Site "Benidorm"]
[Date "2003.11.28"]
[Round "8"]
[White "Graf, Alexander"]
[Black "Radjabov, Teimour"]
[Result "1-0"]
[WhiteElo "2646"]
[BlackElo "2650"]
[Annotator "Ftacnik,L"]
[PlyCount "63"]
[EventDate "2003.11.27"]
[EventType "tourn (rapid)"]
[EventRounds "11"]
[EventCountry "ESP"]
[EventCategory "16"]
[SourceTitle "CBM 099"]
[Source "ChessBase"]
[SourceDate "2004.03.30"]
[SourceVersion "1"]
[SourceVersionDate "2004.03.30"]
[SourceQuality "1"]

1. d4 Nf6 2. c4 g6 3. Nc3 Bg7 4. e4 d6 5. f3 O-O 6. Be3 c5 7. Nge2 Nc6 8. d5
Ne5 9. Ng3 e6 10. Be2 exd5 11. cxd5 h5 12. h3 Nh7 13. Nf1 g5 $6 {The youth is
impatient and Radjabov lashes out into an attack. He has not realized the
consequences of the weakening the h5 square.} (13... Re8 14. Qc2 a6 15. f4 Nd7
16. g4 h4 17. Nd2 b5 $13) 14. Ng3 $1 h4 15. Nh5 Bh8 (15... Bh6 16. O-O f5 17.
f4 gxf4 18. Bxf4 Bxf4 19. Rxf4 fxe4 20. Qd2 $14) 16. O-O f5 17. f4 $1 gxf4 (
17... Ng6 18. Qc2 (18. fxg5 Nxg5 19. exf5 Bxf5 20. Qd2 $14) 18... Qe7 19. Rae1
Nxf4 20. Nxf4 gxf4 21. Bxf4 Bxc3 22. Qxc3 fxe4 23. Qe3 $14) 18. Nxf4 Qe7 $6 (
18... fxe4 19. Nxe4 Ng5 20. Nxg5 Qxg5 21. Qd2 (21. Qb3 c4 $1 $13) 21... Qe7 22.
Rae1 $14) 19. Ne6 $1 {[%mdl 2048] The hero of this game is without doubt the
knight from g1. On the path g1-e2-g3-f1-g3-h5-f4-e6 he made 7 moves, the last
one with the decisive effect.} Bxe6 (19... Rf7 20. exf5 $18) 20. dxe6 Qxe6 (
20... fxe4 21. Nxe4 Rxf1+ 22. Bxf1 Qxe6 23. Qxd6 Qxd6 24. Nxd6 b6 25. Nf5 Bf6
26. Rd1 $14) 21. exf5 Qd7 (21... Rxf5 22. Rxf5 Qxf5 23. Qxd6 Re8 24. Bxc5 $18)
22. Qd5+ Nf7 (22... Rf7 23. Bh5 $18) 23. Bc4 Be5 (23... Bxc3 24. bxc3 Nf6 25.
Qe6 $16) 24. Qe4 (24. Qe6 Qe8 25. Bf2 Nf6 26. Bxh4 $18) 24... Nf6 25. Qxh4 d5 (
25... Kg7 26. Nd5 Rh8 27. Nxf6 Rxh4 28. Nxd7 Rxc4 29. Nxe5 Nxe5 30. Rad1 $18)
26. Rad1 Qe7 (26... d4 27. Bh6 Nh7 28. Be6 Qd6 29. Ne4 $18) 27. Bxd5 ({Very
impressive would have been taking the pawn wioth a rook, but this kind of
complications are much easier to handle with the classical time control.} 27.
Rxd5 $5 Nxd5 28. Qg4+ Kh7 (28... Kh8 29. Nxd5 Qd6 30. Qh4+ Kg8 31. Ne7+ Kg7 32.
Qg4+ Kh8 33. f6 $18) 29. Nxd5 $18) 27... Kg7 28. Be6 (28. Bh6+ Nxh6 29. Qg5+
Kh8 30. Qxh6+ Qh7 31. Qxh7+ Kxh7 32. g4 $18) 28... Rh8 29. Qf2 (29. Qc4 b6 30.
Nd5 $18) 29... Ng4 30. f6+ $1 {The final trick, black is forced to call a
retreat with his aggressive knight.} (30. Qf3 Nxe3 31. Qxe3 $18) 30... Nxf6 31.
Bxf7 Ng4 32. Qf5 1-0

[Event "Benidorm Bali"]
[Site "Benidorm"]
[Date "2003.11.29"]
[Round "9"]
[White "Radjabov, Teimour"]
[Black "Topalov, Veselin"]
[Result "1/2-1/2"]
[WhiteElo "2650"]
[BlackElo "2735"]
[PlyCount "33"]
[EventDate "2003.11.27"]
[EventType "tourn (rapid)"]
[EventRounds "11"]
[EventCountry "ESP"]
[EventCategory "16"]
[SourceTitle "CBM 099"]
[Source "ChessBase"]
[SourceDate "2004.03.30"]
[SourceVersion "1"]
[SourceVersionDate "2004.03.30"]
[SourceQuality "1"]

1. d4 e6 2. e4 d5 3. Nc3 Bb4 4. Nge2 dxe4 5. a3 Be7 6. Nxe4 Nf6 7. N2g3 Nbd7 8.
Bd3 b6 9. Qf3 Rb8 10. O-O O-O 11. Bf4 Bb7 12. Qe2 Nxe4 13. Bxe4 Bxe4 14. Nxe4
Nf6 15. Nxf6+ Bxf6 16. Rad1 Qd7 17. c3 1/2-1/2

[Event "Keres Memorial rap"]
[Site "Tallinn"]
[Date "2004.01.04"]
[Round "4"]
[White "Radjabov, Teimour"]
[Black "Brodsky, Michail"]
[Result "1-0"]
[WhiteElo "2656"]
[BlackElo "2528"]
[Annotator "Ftacnik,L"]
[PlyCount "85"]
[EventDate "2004.01.03"]
[EventType "tourn (rapid)"]
[EventRounds "7"]
[EventCountry "EST"]
[EventCategory "15"]
[SourceTitle "CBM 100"]
[Source "ChessBase"]
[SourceDate "2004.06.01"]
[SourceVersion "1"]
[SourceVersionDate "2004.06.01"]
[SourceQuality "1"]

1. d4 Nf6 2. c4 e6 3. Nf3 b6 4. a3 c5 5. d5 Ba6 6. Qc2 exd5 7. cxd5 g6 8. Nc3
Bg7 9. g3 O-O 10. Bg2 d6 11. O-O Re8 12. Rd1 Nbd7 13. Bf4 Qc7 (13... Qb8 14.
Rab1 Nh5 15. Be3 Qc7 16. Qa4 Bb7 17. Nb5 Qb8 18. g4 Nhf6 19. Nc3 a6 20. h3 b5
21. Qf4 Nb6 22. Ne1 Nc4 23. Bc1 Ne5 24. Qg3 Qc7 25. Bf4 {1-0 Hernando Rodrigo,
J-Spassov,L/Poio 2001/ (40)}) 14. Qa4 $5 {[%mdl 64] Radjabov uses a very
spirited combination in order to break the convenient set up of black pieces.}
Bxe2 15. Re1 (15. Qc6 Qd8 (15... Rac8 16. Nxe2 Rxe2 17. Bxd6 Qd8 18. Qb5 Re8
$11) 16. Nxe2 Rxe2 17. Qb5 Re8 18. Bxd6 Ne4 19. Bf4 a6 $11) 15... Bxf3 (15...
b5 16. Qa6 Bc4 17. Nd2 Bd3 18. Bxd6 Qc8 19. Qc6 $14) 16. Nb5 $1 Qd8 17. Bxf3
Ne5 $6 {Brodsky choses a schematic move, but misses the much more
sophisticated defense with 17...Bf8!} (17... Bf8 $1 18. Nxd6 Rxe1+ (18... Ne5
$2 19. Bxe5 Bxd6 20. Bc3 $16) 19. Rxe1 g5 20. Nxf7 Kxf7 21. Bxg5 $13) 18. Bxe5
Rxe5 (18... dxe5 19. d6 e4 (19... Rb8 20. Nc7 Rf8 21. Rad1 $14) 20. Bxe4 Nxe4
21. Rxe4 Bxb2 22. Rd1 Rxe4 23. Qxe4 Qf8 24. Qb7 c4 25. d7 Rd8 26. Nxa7 c3 27.
Qc7 $16) 19. Rxe5 dxe5 20. d6 Rb8 (20... e4 21. Bxe4 Nxe4 22. Qxe4 Bxb2 23. Rd1
$16) 21. Bc6 (21. Qxa7 e4 22. Bg2 Ra8 23. Qc7 Ne8 24. Qb7 Rb8 25. Qd5 Bxb2 26.
Rb1 Bg7 27. Bxe4 $14) 21... a5 22. Rd1 Bf8 $2 {Black had the last chance to
get away from real trouble at a cost of an exchange with 22...Qc8!?} (22... Qc8
$5 23. d7 (23. Nc3 Qh3 24. f3 Bh6 $132) 23... Qxc6 24. d8=Q+ Rxd8 25. Rxd8+ Bf8
26. Nc3 Qc7 27. Rd1 Be7 28. Qb5 $14) 23. d7 $1 h5 24. Qc4 Kg7 (24... Ng4 25. h3
Nh6 26. Qd5 $16) 25. a4 (25. Qc3 Qe7 26. f4 e4 (26... exf4 27. Re1 Qd8 28. Re8
$18) 27. Nd6 Kg8 28. Nb7 $18) 25... Kg8 26. b3 Qe7 27. Na7 (27. Nd6 Nxd7 28.
Nxf7 Nf6 29. Nxe5+ Kh7 30. f4 $18) 27... Rd8 28. Nc8 Qe6 29. Qxe6 fxe6 30. Nxb6
{Radjabov can claim full success as all black pawns are vulnerable and the
white soldier on d7 is safe.} Nd5 (30... e4 31. Nc4 $18) 31. Nc4 Nb4 32. Nxa5
Be7 (32... Kf7 33. Bb5 Ke7 34. Nb7 $18) 33. Bb5 Rb8 34. Nc4 e4 (34... Bf6 35.
Nd6 Be7 36. Nc8 Bd8 37. Rc1 $18) 35. Re1 Nc2 36. Rxe4 Nd4 37. Ne5 Kg7 (37...
Nxb5 38. Nc6 $1 Rd8 (38... Nc3 39. Nxe7+ Kg7 40. Nc8 $18) 39. Nxd8 Bxd8 40.
axb5 $18) 38. Rxd4 cxd4 39. Nc6 Rd8 (39... d3 40. Nxb8 d2 41. Be2 $18) 40. Nxe7
d3 41. Kf1 Kf6 42. Nc8 e5 43. a5 1-0

[Event "Keres Memorial rap"]
[Site "Tallinn"]
[Date "2004.01.04"]
[Round "5"]
[White "Sveshnikov, Evgeny"]
[Black "Radjabov, Teimour"]
[Result "1/2-1/2"]
[WhiteElo "2557"]
[BlackElo "2656"]
[Annotator "Psakhis,L"]
[PlyCount "39"]
[EventDate "2004.01.03"]
[EventType "tourn (rapid)"]
[EventRounds "7"]
[EventCountry "EST"]
[EventCategory "15"]
[SourceTitle "CBM 100"]
[Source "ChessBase"]
[SourceDate "2004.06.01"]
[SourceVersion "1"]
[SourceVersionDate "2004.06.01"]
[SourceQuality "1"]

1. e4 e6 2. d4 d5 3. e5 {It is always interesting to follow game between two
great experts in french defense!} c5 4. c3 Nc6 5. Nf3 Qb6 6. a3 Nh6 $5 7. b4
cxb4 8. cxb4 Nf5 9. Bb2 Bd7 10. g4 Nfe7 ({Good alternative to the text cculd
be favorite move of Smbat Lputian} 10... Nh6 $5 11. h3 (11. Rg1 f6 12. exf6
gxf6 13. Nc3 Nf7 14. Na4 Qc7 15. Rc1 Qf4 16. Rc3 Ng5 17. b5 Na5 18. Nxg5 fxg5
19. Bc1 Qxh2 20. Rgg3 Bd6 $13 {1/2-1/2 Savic,M-Lputian,S/BIH t-ch Neum 2002/
CBM 90 (30)}) 11... Rc8 12. Nc3 Na5 13. Na4 Qc6 14. Nc5 Nc4 15. Bc1 b6 16. Nxd7
Qxd7 17. Bd3 Ng8 18. Qe2 Ne7 19. O-O h5 20. Bg5 Nc6 21. Kg2 b5 $132 {0-1
Tochtenhagen,W-Meessen,R/NRW-Liga II 2003/EXT 2004 (40)}) 11. Nc3 Na5 12. Qc2 (
{White failed to get any advantage after} 12. Nd2 Rc8 13. Rc1 Ng6 14. h4 Be7
15. g5 O-O $5 (15... h6 16. gxh6 Rxh6 17. h5 Nf8 18. Rc2 Nc4 19. Nxc4 dxc4 20.
Bc1 Rh8 21. Qg4 a5 22. b5 Rh7 23. Bg2 f5 24. exf6 gxf6 25. h6 a4 {1/2-1/2
Thipsay,P-Barua,D/IND-ch Calicut 2003/80)}) 16. Rg1 Nxh4 17. Bd3 g6 18. Qg4 Nf5
19. Bxf5 exf5 20. Qh4 Rfe8 21. Nxd5 Rxc1+ 22. Bxc1 Qc6 23. Nxe7+ Rxe7 24. Bb2
Qc2 $132 {1/2-1/2 Potkin,V-Hug,W/EUR-ch Istanbul 2003/CBM 96 (28)}) 12... Nc4
13. Bxc4 dxc4 14. Nd2 Qc6 15. Nce4 c3 $1 $146 {This new move requires courage
and accurate calculation, but after} (15... Nd5 16. Nxc4 Nb6 17. Ncd6+ Bxd6 18.
Nxd6+ Ke7 19. Qxc6 Bxc6 20. Rg1 Nc8 21. d5 $5 (21. b5 Bd5 22. Rc1 Nxd6 23. Rc7+
Kd8 24. exd6 Rc8 $44 {1/2-1/2 Sveshnikov,E-Potkin,V/RUS-ch Krasnoyarsk 2003/
(29)}) 21... Bxd5 22. Rc1 $36 {black stuck for passive defense in endgame.})
16. Nd6+ ({After} 16. Qxc3 Nd5 17. Qxc6 Bxc6 $44 {[%csl Gc6,Gd5] black can
look to future with optimizm.}) 16... Kd8 ({It will be interesting to check in
future} 16... Qxd6 17. exd6 cxd2+ 18. Qxd2 Nd5 {[%csl Gd5] with some
compensation for the queen}) 17. Nxf7+ (17. Qxc3 Qxh1+ 18. Ke2 Nd5 $5 19. Qg3
Qxa1 20. Bxa1 Bxd6 21. exd6 Rc8 $36) 17... Ke8 18. Nd6+ Kd8 19. Nf7+ Ke8 20.
Nd6+ {Important theorethical game.} 1/2-1/2

[Event "Keres Memorial rap"]
[Site "Tallinn"]
[Date "2004.01.04"]
[Round "6"]
[White "Rytshagov, Mikhail"]
[Black "Radjabov, Teimour"]
[Result "1/2-1/2"]
[WhiteElo "2465"]
[BlackElo "2656"]
[PlyCount "77"]
[EventDate "2004.01.03"]
[EventType "tourn (rapid)"]
[EventRounds "7"]
[EventCountry "EST"]
[EventCategory "15"]
[SourceTitle "CBM 100"]
[Source "ChessBase"]
[SourceDate "2004.06.01"]
[SourceVersion "1"]
[SourceVersionDate "2004.06.01"]
[SourceQuality "1"]

1. e4 c5 2. Nf3 Nc6 3. d4 cxd4 4. Nxd4 e5 5. Nb5 d6 6. c4 Be7 7. Bd3 a6 8. N5c3
Bg5 9. Na3 Bxc1 10. Rxc1 Qg5 11. O-O Nge7 12. Nc2 O-O 13. Ne3 Be6 14. Kh1 Rad8
15. Ncd5 h5 16. g3 h4 17. f4 Qh6 18. Ng4 Bxg4 19. Qxg4 hxg3 20. Qxg3 exf4 21.
Nxf4 Ne5 22. Bb1 N7g6 23. Nd5 Qh4 24. b3 Qxg3 25. hxg3 f6 26. Rcd1 Kf7 27. Kg2
Ne7 28. Ne3 b6 29. Rd2 Rh8 30. Rfd1 Ke6 31. a3 Rh5 32. b4 Rdh8 33. Rxd6+ Kf7
34. Nf1 Rh1 35. Ba2 Kg6 36. c5 bxc5 37. bxc5 a5 38. Be6 R1h5 39. Rc1 1/2-1/2

[Event "Keres Memorial rap"]
[Site "Tallinn"]
[Date "2004.01.04"]
[Round "7"]
[White "Radjabov, Teimour"]
[Black "Shirov, Alexei"]
[Result "1/2-1/2"]
[WhiteElo "2656"]
[BlackElo "2736"]
[Annotator "Huzman,A"]
[PlyCount "43"]
[EventDate "2004.01.03"]
[EventType "tourn (rapid)"]
[EventRounds "7"]
[EventCountry "EST"]
[EventCategory "15"]
[SourceTitle "CBM 100"]
[Source "ChessBase"]
[SourceDate "2004.06.01"]
[SourceVersion "1"]
[SourceVersionDate "2004.06.01"]
[SourceQuality "1"]

1. d4 d5 2. c4 dxc4 3. e4 Nf6 4. e5 Nd5 5. Bxc4 Nb6 6. Bb3 Nc6 7. Be3 Bf5 8. e6
Bxe6 (8... fxe6 9. Nf3 Qd7 10. Nc3 h6 11. Rc1 O-O-O 12. Nb5 $1 a6 13. Rxc6 axb5
14. Rxb6 $40 {1-0 Mamedyarov,S-Mannion,S/Plovdiv BUL 2003(31)}) 9. Bxe6 fxe6
10. Nc3 (10. Nf3 e5 (10... Qd5 11. Nc3 Qf5 12. O-O O-O-O 13. Qb3 h6 14. Rac1 g5
15. Nb5 Bg7 16. Nxa7+ Nxa7 17. Qxb6 Nc6 18. Qb3 (18. Rxc6 $5 bxc6 19. Qxc6 $44)
18... Rd5 19. h3 g4 20. hxg4 Qxg4 21. Rxc6 bxc6 22. Rc1 Rg8 23. Qa4 Bxd4 24.
Qa8+ Kd7 25. Qxc6+ Kd8 26. Qa8+ Kd7 27. Qc6+ Kd8 28. Qa8+ Kd7 29. Qc6+ {
1/2-1/2 Sarakauskas,G-Bucinskas,V/Vilnius 1999/EXT 2000 (29)}) 11. O-O (11.
Nxe5 Nxe5 12. dxe5 Qxd1+ 13. Kxd1 Nc4 14. Ke2 O-O-O (14... Nxe5 $5 15. Bf4 (15.
Nc3 c6 $15) 15... Nc6 16. Bxc7 e5 17. f4 exf4 18. Bxf4 O-O-O $32) 15. f4 Nxb2
16. Rc1 e6 17. Bxa7 Nd3 18. Rc4 g5 19. g3 gxf4 20. gxf4 Bh6 $19 {0-1 Chetverik,
M-Henssler,J/Budapest 1993/EXT 98 (26)}) 11... exd4 12. Nxd4 Qd7 13. Nxc6 Qxc6
14. Nc3 e6 15. Qh5+ g6 16. Qe5 Rg8 17. Nb5 Nd5 18. Rac1 Qxb5 19. Qxe6+ Ne7 20.
Rxc7 $40 {1/2-1/2 Khamidulin,V-Medvedkov,A/St Petersburg 1998/EXT 99 (24)})
10... g6 (10... Qd7 11. Nf3 O-O-O 12. O-O h6 13. b4 Nd5 14. Ne4 e5 15. b5 Nxd4
16. Nxe5 Nxe3 17. fxe3 Qd5 18. Qxd4 {1-0 Bronstein,D-Lukin,A/Yaroslav 1982/EXT
99 (18)}) 11. Nf3 Bg7 12. Qb3 Qd7 (12... Nxd4 13. Bxd4 Bxd4 14. Rd1 c5 (14...
e5 15. Nxe5 Rf8 16. O-O $16) 15. Nxd4 (15. Nb5 Nd5 16. Nbxd4 Qa5+ 17. Rd2 cxd4
18. O-O $44) 15... cxd4 16. Qxe6 Qd6 17. Qxd6 exd6 18. Rxd4 $14) 13. O-O Na5 (
13... O-O-O 14. Ng5 Rde8 15. a4 $1 Nd5 16. Rfd1 Kb8 17. Nce4 Na5 18. Qd3 $44 {
Karsa,L-Schrancz,I/Magyarorszag 39/(468) 1985/[RR] (18)}) (13... O-O $5 14. Ng5
(14. Rad1 Nd5 15. Ne4 b6 $15) 14... Nd5 15. Nxe6 Qxe6 16. Nxd5 Nxd4 17. Nxc7 (
17. Bxd4 Bxd4 18. Nxc7 Qxb3 19. axb3 Rac8 20. Ne6 Bxb2 21. Nxf8 (21. Rxa7 Rf6
22. Ra2 Be5 $15) 21... Bxa1 22. Nxg6 Bf6 $17) (17. Nxe7+ Kf7 18. Qxe6+ Nxe6 19.
Nd5 Rad8 $15) 17... Nxb3 18. Nxe6 Nxa1 19. Nxf8 Nc2 (19... Kxf8 20. Rxa1 Rc8
21. Rc1 $11) 20. Ne6 Nxe3 21. fxe3 Rc8 $11) 14. Qc2 Nac4 $11 {Black finished
the development of pieces successfully.It looks that White have not enough
compensation for the sacrifised pawn.} 15. Ne4 O-O 16. Nc5 (16. b3 Nxe3 17.
fxe3 e5 18. Nc5 Qc6 19. Nxe5 Bxe5 20. dxe5 $11) 16... Qd5 17. b3 Nd6 {[%cal
Yf8f3]} 18. Qe2 Rf5 19. Rad1 Raf8 20. Rfe1 (20. Ng5 Rxg5 21. Bxg5 Qxg5 22. Nxe6
Qb5 23. Qxb5 Nxb5 24. Nxf8 Kxf8 $17) 20... Rxf3 21. gxf3 Nf5 $44 22. Bf4 (22.
Bf4 e5 $5 (22... Nxd4 23. Rxd4 Bxd4 24. Nxe6 Rf6 25. Bh6 $1 $36) 23. Bxe5 Nh4
24. Rd3 Bxe5 25. Qxe5 Nxf3+ 26. Rxf3 Qxf3 27. Qg3 $11) 1/2-1/2

[Event "FRA-chT Gp-A"]
[Site "France"]
[Date "2004.01.31"]
[Round "2"]
[White "Jussupow, Artur"]
[Black "Radjabov, Teimour"]
[Result "1/2-1/2"]
[WhiteElo "2589"]
[BlackElo "2656"]
[PlyCount "78"]
[EventDate "2004.01.30"]
[EventType "team"]
[EventRounds "7"]
[EventCountry "FRA"]
[SourceTitle "CBM 098 Extra"]
[Source "ChessBase"]
[SourceDate "2004.03.10"]
[SourceVersion "2"]
[SourceVersionDate "2004.03.10"]
[SourceQuality "1"]
[WhiteTeam "Evry"]
[BlackTeam "Paris NAO"]
[WhiteTeamCountry "FRA"]
[BlackTeamCountry "FRA"]

1. d4 Nf6 2. Nf3 g6 3. g3 Bg7 4. Bg2 O-O 5. O-O d6 6. b3 c5 7. c4 d5 8. Nbd2
cxd4 9. Bb2 d3 10. exd3 b6 11. Ne5 Bb7 12. Re1 Nc6 13. Ndf3 Rc8 14. Qe2 Nxe5
15. Bxe5 Re8 16. Nd4 Qd7 17. Rad1 a6 18. a4 Nh5 19. Nc2 Bxe5 20. Qxe5 Nf6 21.
Ne3 Rcd8 22. d4 dxc4 23. Bxb7 Qxb7 24. bxc4 Qf3 25. d5 Ne4 26. Ng4 Qxg4 27.
Qxe4 Qd7 28. a5 bxa5 29. c5 Rc8 30. c6 Qd6 31. Qc4 Ra8 32. Rb1 Rad8 33. c7 Rc8
34. Rb7 e6 35. dxe6 fxe6 36. Ra7 Qb6 37. Rxa6 Qxc7 38. Qxc7 Rxc7 39. Rxa5 Kg7
1/2-1/2

[Event "FRA-chT Gp-A"]
[Site "France"]
[Date "2004.02.01"]
[Round "3"]
[White "Radjabov, Teimour"]
[Black "Eliet, Nicolas"]
[Result "1-0"]
[WhiteElo "2656"]
[BlackElo "2413"]
[PlyCount "49"]
[EventDate "2004.01.30"]
[EventType "team"]
[EventRounds "7"]
[EventCountry "FRA"]
[SourceTitle "CBM 098 Extra"]
[Source "ChessBase"]
[SourceDate "2004.03.10"]
[SourceVersion "2"]
[SourceVersionDate "2004.03.10"]
[SourceQuality "1"]
[WhiteTeam "Paris NAO"]
[BlackTeam "Gonfreville"]
[WhiteTeamCountry "FRA"]
[BlackTeamCountry "FRA"]

1. d4 d5 2. c4 c6 3. Nc3 dxc4 4. e3 b5 5. a4 b4 6. Ne4 Nf6 7. Nxf6+ exf6 8.
Bxc4 Bd6 9. Nf3 O-O 10. Qc2 a5 11. Bd3 h6 12. O-O Qc7 13. Bd2 Bb7 14. Rac1 Nd7
15. h3 Rfc8 16. Nh4 c5 17. Qd1 Ba6 18. Bxa6 Rxa6 19. Nf5 Bf8 20. e4 Qb7 21. d5
c4 22. Qe2 Nb6 23. Ra1 Re8 24. Rfe1 Raa8 25. Bxh6 1-0

[Event "Linares 21st"]
[Site "Linares"]
[Date "2004.02.22"]
[Round "4"]
[White "Topalov, Veselin"]
[Black "Radjabov, Teimour"]
[Result "1/2-1/2"]
[WhiteElo "2735"]
[BlackElo "2656"]
[Annotator "Rogozenco,D"]
[PlyCount "78"]
[EventDate "2004.02.19"]
[EventType "tourn"]
[EventRounds "14"]
[EventCountry "ESP"]
[EventCategory "20"]
[SourceTitle "CBM 100"]
[Source "ChessBase"]
[SourceDate "2004.06.01"]
[SourceVersion "1"]
[SourceVersionDate "2004.06.01"]
[SourceQuality "1"]

1. e4 c5 2. Nf3 Nc6 3. d4 cxd4 4. Nxd4 Nf6 5. Nc3 e5 6. Ndb5 d6 7. Bg5 a6 8.
Na3 b5 9. Bxf6 gxf6 10. Nd5 Bg7 11. Bd3 Ne7 12. Nxe7 Qxe7 13. c4 f5 14. O-O O-O
15. Qf3 d5 16. cxd5 fxe4 17. Bxe4 Rb8 18. Rfd1 (18. Rad1 Rb6 19. Qd3 Qd7 20. g3
f5 21. Bg2 Rh6 22. f4 exf4 23. gxf4 Bxb2 24. Nc2 Bg7 $11 {1/2-1/2 Leko,
P-Radjabov,T/Linares 2004 (27)}) 18... Qh4 ({Later in the same tournament
Radjabov played differently:} 18... Qd7 19. d6 Rb6 20. Qd3 Rd8 21. Rac1 Bf8 22.
Qg3+ Bg7 $13 {0-1 Vallejo Pons,F-Radjabov,T/Linares 2004 (62)}) 19. g3 Qg5 20.
Qb3 Bg4 21. Bf3 f5 22. Bxg4 Qxg4 23. d6+ Kh8 24. Qd5 {The queen is very strong
in the center. Black's only hope to create any real counterplay is connected
with the poor position of the knight on a3.} f4 (24... e4 25. Rd2 Rbd8 26. Rc1
{[%cal Gc1c7]} Qh3 27. Rc7 $16 f4 28. Qg5) 25. Nc2 Qg6 $6 26. Nb4 $16 Qg4 27.
Nc6 (27. Qe4 $1 {This seems most precise, not allowing ...f3 yet.} Qh3 28. Qg2
$16) (27. Nxa6 f3 28. Nxb8 Qh3 29. Qxf3 Rxf3 30. d7 Bf6 31. d8=Q+ Bxd8 32.
Rxd8+ Kg7 33. Rd7+ Rf7 $11) 27... f3 28. Nxe5 Qh5 29. Nxf3 $2 (29. Re1 Rbd8 30.
d7 Bxe5 {Black has chances to escape in the rook endgame, but White is clearly
better.}) 29... Qxf3 30. Qxf3 Rxf3 31. d7 Rd8 32. Rd2 (32. Rac1 Bxb2 33. Rc8
Rff8 34. Rc6 $11) 32... Kg8 33. Kg2 Rf5 34. Rc1 Kf7 35. f4 b4 (35... Rf6 36.
Kf3 Ke7 37. Rcd1 Rc6 38. Re2+ Re6 39. Red2 {and Black cannot improve.}) 36. Rc4
Rb5 37. Kf3 b3 38. Ra4 bxa2 39. Rxa6 Rxb2 1/2-1/2